{"text_format":"3","workbook":"xlsx","n_sheets":1,"sheets":["t146"],"read":"whole","date_system":"1900"}

{"sheet":"t146","index":0,"n_rows":194,"n_cols":7,"rows_kept":194,"merged":[[0,0,0,6],[30,0,30,5],[46,0,46,5],[150,0,150,5]]}
["TABELA 146.1 - Estatísticas Agrícolas, Município de Cravinhos, Estado de São Paulo, 2007/08."]
["ITEM","UNIDADE","N.DE UPAs","MÍNIMO","MÉDIO","MÁXIMO","TOTAL"]
["Distância à sede do município","km",298,0.5,{"v":9.33,"d":"9.3"},{"v":24,"d":"24.0"},"-"]
["Área total","hectare",298,{"v":1,"d":"1.0"},{"v":99.69,"d":"99.7"},{"v":1795.6,"d":"1,795.6"},{"v":29706.5,"d":"29,706.5"}]
["Área com cultura perene","hectare",19,0.1,{"v":17.57,"d":"17.6"},{"v":90,"d":"90.0"},333.9]
["Área com cultura temporária","hectare",275,0.1,81.6,{"v":1269,"d":"1,269.0"},{"v":22440.8,"d":"22,440.8"}]
["Área com pastagem","hectare",145,0.1,{"v":19.81,"d":"19.8"},{"v":260,"d":"260.0"},{"v":2872.8,"d":"2,872.8"}]
["Área com reflorestamento","hectare",11,0.3,{"v":5.15,"d":"5.2"},{"v":20,"d":"20.0"},56.7]
["Área com vegetação natural","hectare",143,0.1,{"v":9.93,"d":"9.9"},{"v":60,"d":"60.0"},{"v":1419.6,"d":"1,419.6"}]
["Área com vegetação de brejo e várzea","hectare",84,0.2,{"v":8.59,"d":"8.6"},79.8,721.4]
["Área em descanso","hectare",3,{"v":1,"d":"1.0"},3.7,6.9,11.1]
["Área complementar","hectare",258,0.1,{"v":7.17,"d":"7.2"},96.6,{"v":1850.2,"d":"1,850.2"}]
["Área das UPAs com (0, 1] ha","hectare",1,{"v":1,"d":"1.0"},{"v":1,"d":"1.0"},{"v":1,"d":"1.0"},{"v":1,"d":"1.0"}]
["Área das UPAs com (1, 2] ha","hectare",2,1.3,{"v":1.65,"d":"1.7"},{"v":2,"d":"2.0"},3.3]
["Área das UPAs com (2, 5] ha","hectare",20,2.1,{"v":3.57,"d":"3.6"},4.8,71.3]
["Área das UPAs com (5, 10] ha","hectare",31,5.2,{"v":7.48,"d":"7.5"},{"v":10,"d":"10.0"},231.9]
["Área das UPAs com (10, 20] ha","hectare",44,10.7,14.7,19.8,646.7]
["Área das UPAs com (20, 50] ha","hectare",79,20.5,33.7,{"v":50,"d":"50.0"},{"v":2662.3,"d":"2,662.3"}]
["Área das UPAs com (50, 100] ha","hectare",37,50.6,73.8,92.4,{"v":2730.7,"d":"2,730.7"}]
["Área das UPAs com (100, 200] ha","hectare",43,102.8,{"v":145.88,"d":"145.9"},197.2,{"v":6272.9,"d":"6,272.9"}]
["Área das UPAs com (200, 500] ha","hectare",32,203.3,{"v":307.47,"d":"307.5"},495.7,{"v":9838.9,"d":"9,838.9"}]
["Área das UPAs com (500, 1.000] ha","hectare",8,541.4,{"v":681.49,"d":"681.5"},743.8,{"v":5451.9,"d":"5,451.9"}]
["Área das UPAs com (1.000, 2.000] ha","hectare",1,{"v":1795.6,"d":"1,795.6"},{"v":1795.6,"d":"1,795.6"},{"v":1795.6,"d":"1,795.6"},{"v":1795.6,"d":"1,795.6"}]
["Área das UPAs com (2.000, 5.000] ha","hectare","-","-","-","-","-"]
["Área das UPAs com (5.000, 10.000] ha","hectare","-","-","-","-","-"]
["Área das UPAs acima de 10.000 ha","hectare","-","-","-","-","-"]
["Familiares do proprietário que trabalham na UPA","unidade",96,{"v":1,"d":"1.0"},{"v":1.63,"d":"1.6"},{"v":8,"d":"8.0"},{"v":156,"d":"156.0"}]
["Trabalhadores permanentes","unidade",137,{"v":1,"d":"1.0"},{"v":3.38,"d":"3.4"},{"v":48,"d":"48.0"},{"v":463,"d":"463.0"}]
["Fonte: Secretaria de Agricultura e Abastecimento, CDRS/IEA, Projeto LUPA."]
[]
["TABELA 146.2 - Explorações Animais, Município de Cravinhos, Estado de São Paulo, 2007/08."]
["ITEM","UNIDADE","N.DE UPAs","MÍNIMO","MÉDIO","MÁXIMO","TOTAL"]
["Asininos E Muares","cabeças",4,{"v":1,"d":"1.0"},{"v":2.75,"d":"2.8"},{"v":4,"d":"4.0"},{"v":11,"d":"11.0"}]
["Avestruzes e Ema (Criadouro)","cabeças",1,{"v":10,"d":"10.0"},{"v":10,"d":"10.0"},{"v":10,"d":"10.0"},{"v":10,"d":"10.0"}]
["Avicultura Ornamental/Decorativa/Exótica","cabeças",1,{"v":80,"d":"80.0"},{"v":80,"d":"80.0"},{"v":80,"d":"80.0"},{"v":80,"d":"80.0"}]
["Avicultura para Ovos","cabeças",1,{"v":33000,"d":"33,000.0"},{"v":33000,"d":"33,000.0"},{"v":33000,"d":"33,000.0"},{"v":33000,"d":"33,000.0"}]
["Bovinocultura de Corte","cabeças",80,{"v":2,"d":"2.0"},{"v":57.05,"d":"57.1"},{"v":830,"d":"830.0"},{"v":4564,"d":"4,564.0"}]
["Bovinocultura Leiteira","cabeças",49,{"v":1,"d":"1.0"},{"v":26.31,"d":"26.3"},{"v":420,"d":"420.0"},{"v":1289,"d":"1,289.0"}]
["Bovinocultura Mista","cabeças",15,{"v":1,"d":"1.0"},{"v":21.47,"d":"21.5"},{"v":100,"d":"100.0"},{"v":322,"d":"322.0"}]
["Caprinocultura","cabeças",2,{"v":10,"d":"10.0"},12.5,{"v":15,"d":"15.0"},{"v":25,"d":"25.0"}]
["Equinocultura","cabeças",84,{"v":1,"d":"1.0"},{"v":7,"d":"7.0"},{"v":106,"d":"106.0"},{"v":588,"d":"588.0"}]
["Ovinocultura","cabeças",7,{"v":11,"d":"11.0"},{"v":51.14,"d":"51.1"},{"v":180,"d":"180.0"},{"v":358,"d":"358.0"}]
["Piscicultura","m² tanques",4,{"v":3500,"d":"3,500.0"},{"v":10750,"d":"10,750.0"},{"v":20000,"d":"20,000.0"},{"v":43000,"d":"43,000.0"}]
["Suinocultura","cabeças",8,{"v":3,"d":"3.0"},{"v":79.38,"d":"79.4"},{"v":500,"d":"500.0"},{"v":635,"d":"635.0"}]
["Fonte: Secretaria de Agricultura e Abastecimento, CDRS/IEA, Projeto LUPA."]
[]
["TABELA 146.3 -  Máquinas, Implementos e Benfeitorias, Município de Cravinhos, Estado de São Paulo, 2007/08."]
["ITEM","UNIDADE","N.DE UPAs","MÍNIMO","MÉDIO","MÁXIMO","TOTAL"]
["Arado Comum (Bacia, Aiveca)","Unidade",61,{"v":1,"d":"1.0"},{"v":1.43,"d":"1.4"},{"v":4,"d":"4.0"},{"v":87,"d":"87.0"}]
["Arado Subsolador","Unidade",36,{"v":1,"d":"1.0"},1.5,{"v":10,"d":"10.0"},{"v":54,"d":"54.0"}]
["Carregadeira de Cana","Unidade",12,{"v":1,"d":"1.0"},{"v":1.25,"d":"1.3"},{"v":2,"d":"2.0"},{"v":15,"d":"15.0"}]
["Colhedeira Acoplada","Unidade",3,{"v":1,"d":"1.0"},{"v":1,"d":"1.0"},{"v":1,"d":"1.0"},{"v":3,"d":"3.0"}]
["Colhedeira Automotriz","Unidade",4,{"v":1,"d":"1.0"},{"v":1,"d":"1.0"},{"v":1,"d":"1.0"},{"v":4,"d":"4.0"}]
["Computador","Unidade",5,{"v":1,"d":"1.0"},2.8,{"v":10,"d":"10.0"},{"v":14,"d":"14.0"}]
["Conj.Irrigação Autopropelido","Unidade",2,{"v":1,"d":"1.0"},{"v":1,"d":"1.0"},{"v":1,"d":"1.0"},{"v":2,"d":"2.0"}]
["Conj.Irrigação Convencional","Unidade",24,{"v":1,"d":"1.0"},{"v":1.08,"d":"1.1"},{"v":2,"d":"2.0"},{"v":26,"d":"26.0"}]
["Conj.Irrigação Pivot Central","Unidade",3,{"v":1,"d":"1.0"},{"v":1,"d":"1.0"},{"v":1,"d":"1.0"},{"v":3,"d":"3.0"}]
["Conj.Irrigação/Gotejamento/Microaspersão","Unidade",6,{"v":1,"d":"1.0"},{"v":1,"d":"1.0"},{"v":1,"d":"1.0"},{"v":6,"d":"6.0"}]
["Conjunto de Fenação","Unidade",5,{"v":1,"d":"1.0"},1.2,{"v":2,"d":"2.0"},{"v":6,"d":"6.0"}]
["Desintegrador de Palha (Plantio Direto)","Unidade",2,{"v":1,"d":"1.0"},{"v":1,"d":"1.0"},{"v":1,"d":"1.0"},{"v":2,"d":"2.0"}]
["Desintegrador, Picador, Triturador","Unidade",87,{"v":1,"d":"1.0"},{"v":1.14,"d":"1.1"},{"v":4,"d":"4.0"},{"v":99,"d":"99.0"}]
["Distribuidor de Calcário","Unidade",24,{"v":1,"d":"1.0"},{"v":1.21,"d":"1.2"},{"v":2,"d":"2.0"},{"v":29,"d":"29.0"}]
["Ensiladeira","Unidade",19,{"v":1,"d":"1.0"},{"v":1.42,"d":"1.4"},{"v":4,"d":"4.0"},{"v":27,"d":"27.0"}]
["Grade Aradora (Tipo Romi)","Unidade",43,{"v":1,"d":"1.0"},{"v":1.44,"d":"1.4"},{"v":7,"d":"7.0"},{"v":62,"d":"62.0"}]
["Grade Niveladora","Unidade",57,{"v":1,"d":"1.0"},{"v":1.07,"d":"1.1"},{"v":3,"d":"3.0"},{"v":61,"d":"61.0"}]
["Implementos para Tração Animal","Unidade",1,{"v":1,"d":"1.0"},{"v":1,"d":"1.0"},{"v":1,"d":"1.0"},{"v":1,"d":"1.0"}]
["Microtrator","Unidade",6,{"v":1,"d":"1.0"},{"v":1,"d":"1.0"},{"v":1,"d":"1.0"},{"v":6,"d":"6.0"}]
["Misturador de Ração","Unidade",9,{"v":1,"d":"1.0"},{"v":1.22,"d":"1.2"},{"v":3,"d":"3.0"},{"v":11,"d":"11.0"}]
["Ordenhadeira Mecânica","Unidade",9,{"v":1,"d":"1.0"},{"v":1.11,"d":"1.1"},{"v":2,"d":"2.0"},{"v":10,"d":"10.0"}]
["Pulverizador Tratorizado","Unidade",60,{"v":1,"d":"1.0"},{"v":1.45,"d":"1.5"},{"v":5,"d":"5.0"},{"v":87,"d":"87.0"}]
["Resfriador de Leite, Tanque Expansão","Unidade",15,{"v":1,"d":"1.0"},{"v":1.07,"d":"1.1"},{"v":2,"d":"2.0"},{"v":16,"d":"16.0"}]
["Semeadeira/Adubadeira para Plantio Convencional","Unidade",25,{"v":1,"d":"1.0"},{"v":1.36,"d":"1.4"},{"v":5,"d":"5.0"},{"v":34,"d":"34.0"}]
["Semeadeira/Plantadeira Plantio Direto","Unidade",7,{"v":1,"d":"1.0"},{"v":1,"d":"1.0"},{"v":1,"d":"1.0"},{"v":7,"d":"7.0"}]
["Terraceador","Unidade",1,{"v":1,"d":"1.0"},{"v":1,"d":"1.0"},{"v":1,"d":"1.0"},{"v":1,"d":"1.0"}]
["Trator de Esteiras","Unidade",2,{"v":1,"d":"1.0"},{"v":1,"d":"1.0"},{"v":1,"d":"1.0"},{"v":2,"d":"2.0"}]
["Trator de Pneus","Unidade",89,{"v":1,"d":"1.0"},{"v":2.51,"d":"2.5"},{"v":15,"d":"15.0"},{"v":223,"d":"223.0"}]
["Açude/Represa","Unidade",101,{"v":1,"d":"1.0"},{"v":1.79,"d":"1.8"},{"v":15,"d":"15.0"},{"v":181,"d":"181.0"}]
["Adega Cantina","Unidade",1,{"v":1,"d":"1.0"},{"v":1,"d":"1.0"},{"v":1,"d":"1.0"},{"v":1,"d":"1.0"}]
["Almoxarifado/Oficina","Unidade",62,{"v":1,"d":"1.0"},{"v":1.13,"d":"1.1"},{"v":3,"d":"3.0"},{"v":70,"d":"70.0"}]
["Armazém para Grãos Ensacados","Sacas",39,{"v":1,"d":"1.0"},{"v":28226.18,"d":"28,226.2"},{"v":1000000,"d":"1,000,000.0"},{"v":1100821,"d":"1,100,821.0"}]
["Balança para Bovinos","Unidade",14,{"v":1,"d":"1.0"},{"v":1.21,"d":"1.2"},{"v":2,"d":"2.0"},{"v":17,"d":"17.0"}]
["Balança para Veículos","Unidade",3,{"v":1,"d":"1.0"},{"v":1,"d":"1.0"},{"v":1,"d":"1.0"},{"v":3,"d":"3.0"}]
["Barracão para Granja/Avicultura","Unidade",3,{"v":1,"d":"1.0"},{"v":2,"d":"2.0"},{"v":4,"d":"4.0"},{"v":6,"d":"6.0"}]
["Barracão/Galpão/Garagem","Unidade",99,{"v":1,"d":"1.0"},{"v":1.16,"d":"1.2"},{"v":4,"d":"4.0"},{"v":115,"d":"115.0"}]
["Casa de Moradia Habitada","Unidade",153,{"v":1,"d":"1.0"},2.2,{"v":20,"d":"20.0"},{"v":336,"d":"336.0"}]
["Casa de Moradia Total","Unidade",169,{"v":1,"d":"1.0"},{"v":3.03,"d":"3.0"},{"v":22,"d":"22.0"},{"v":512,"d":"512.0"}]
["Curral/Mangueira","Unidade",95,{"v":1,"d":"1.0"},{"v":1.08,"d":"1.1"},{"v":3,"d":"3.0"},{"v":103,"d":"103.0"}]
["Depósito/Tulha","Unidade",44,{"v":1,"d":"1.0"},{"v":1.48,"d":"1.5"},{"v":6,"d":"6.0"},{"v":65,"d":"65.0"}]
["Estábulo","Unidade",51,{"v":1,"d":"1.0"},1.1,{"v":3,"d":"3.0"},{"v":56,"d":"56.0"}]
["Estufa/Plasticultura","m²",4,{"v":1,"d":"1.0"},{"v":864,"d":"864.0"},{"v":1750,"d":"1,750.0"},{"v":3456,"d":"3,456.0"}]
["Fábrica de Ração","Unidade",9,{"v":1,"d":"1.0"},{"v":1,"d":"1.0"},{"v":1,"d":"1.0"},{"v":9,"d":"9.0"}]
["Instalações para Equinos","Unidade",24,{"v":1,"d":"1.0"},{"v":6.63,"d":"6.6"},{"v":40,"d":"40.0"},{"v":159,"d":"159.0"}]
["Máquina de Benefício","Unidade",18,{"v":1,"d":"1.0"},{"v":1.11,"d":"1.1"},{"v":2,"d":"2.0"},{"v":20,"d":"20.0"}]
["Pocilga","Unidade",16,{"v":1,"d":"1.0"},{"v":3.63,"d":"3.6"},{"v":20,"d":"20.0"},{"v":58,"d":"58.0"}]
["Poço Semi-Artesiano","Unidade",41,{"v":1,"d":"1.0"},1.1,{"v":4,"d":"4.0"},{"v":45,"d":"45.0"}]
["Secador de Grãos","Unidade",8,{"v":1,"d":"1.0"},{"v":1.38,"d":"1.4"},{"v":2,"d":"2.0"},{"v":11,"d":"11.0"}]
["Silo para Grãos","t",2,{"v":600,"d":"600.0"},{"v":2550,"d":"2,550.0"},{"v":4500,"d":"4,500.0"},{"v":5100,"d":"5,100.0"}]
["Silo para Silagem","t",11,{"v":80,"d":"80.0"},{"v":2082.73,"d":"2,082.7"},{"v":10450,"d":"10,450.0"},{"v":22910,"d":"22,910.0"}]
["Terreiro","m²",41,{"v":1,"d":"1.0"},{"v":3553.68,"d":"3,553.7"},{"v":50000,"d":"50,000.0"},{"v":145701,"d":"145,701.0"}]
["Fonte: Secretaria de Agricultura e Abastecimento, CDRS/IEA, Projeto LUPA."]
[]
["TABELA 146.4 - Outras Estatísticas Agrícolas, Município de Cravinhos, Estado de São Paulo, 2007/08."]
["ITEM","Número de UPAs",null,"Percentual"]
["Faz Parte de Associação de Produtores",29,null,{"v":9.698996655518394,"d":"9.7"}]
["Faz Parte de Cooperativa de Produtores",172,null,{"v":57.52508361204013,"d":"57.5"}]
["Faz Parte do Sindicato de Produtores",80,null,{"v":26.755852842809364,"d":"26.8"}]
["Não utiliza assistência técnica ",141,null,{"v":47.15719063545151,"d":"47.2"}]
["Utiliza somente assistência técnica governamental ",64,null,{"v":21.40468227424749,"d":"21.4"}]
["Utiliza somente assistência técnica privada ",22,null,{"v":7.357859531772576,"d":"7.4"}]
["Utiliza assistência técnica tanto governamental quanto privada",71,null,{"v":23.74581939799331,"d":"23.7"}]
["Utiliza Crédito Rural",114,null,{"v":38.12709030100334,"d":"38.1"}]
["Utiliza Seguro Rural",4,null,{"v":1.3377926421404682,"d":"1.3"}]
["Utiliza Escrituração Agrícola",222,null,{"v":74.24749163879598,"d":"74.2"}]
["Acessa Internet p/ Fins na Agropecuária",5,null,{"v":1.6722408026755853,"d":"1.7"}]
["Utiliza Computador nas Atividades Agropecuárias",8,null,{"v":2.6755852842809364,"d":"2.7"}]
["Utiliza Energia Elétrica Para Uso na Atividade Agrícola",178,null,{"v":59.531772575250834,"d":"59.5"}]
["Realiza Análise de Solo, quando necessário",245,null,{"v":81.93979933110369,"d":"81.9"}]
["Utiliza Práticas de Conservação de Solo, quando necessário",260,null,{"v":86.95652173913044,"d":"87.0"}]
["Faz Adubação Mineral, quando necessário",270,null,{"v":90.3010033444816,"d":"90.3"}]
["Faz Adubação Orgânica, quando necessário",171,null,{"v":57.19063545150502,"d":"57.2"}]
["Faz Adubação Verde, quando necessário",211,null,{"v":70.5685618729097,"d":"70.6"}]
["Utiliza Manejo Integrado de Pragas (MIP)","-",null,"-"]
["Utiliza Hidroponia","-",null,"-"]
["Utiliza Plasticultura",1,null,{"v":0.334448160535117,"d":"0.3"}]
["Utiliza Mudas Fiscalizadas",243,null,{"v":81.27090301003344,"d":"81.3"}]
["Utiliza Semente Melhorada",198,null,{"v":66.22073578595318,"d":"66.2"}]
["Faz Confinamento de Bovinos",9,null,{"v":3.0100334448160537,"d":"3.0"}]
["Utiliza Pastejo Intensivo",6,null,{"v":2.0066889632107023,"d":"2.0"}]
["Faz Inseminação Artificial",7,null,{"v":2.3411371237458196,"d":"2.3"}]
["Faz Mineralização do Rebanho",96,null,{"v":32.10702341137124,"d":"32.1"}]
["Faz Vermifugação do Rebanho",95,null,{"v":31.772575250836116,"d":"31.8"}]
["Possui Parceiros /Arrendatários na Exploração Animal",20,null,{"v":6.688963210702341,"d":"6.7"}]
["Esporte e lazer","-",null,"-"]
["Extração mineral","-",null,"-"]
["Hotel Fazenda, Pousada ou SPA","-",null,"-"]
["Pesque-pague",1,null,{"v":0.334448160535117,"d":"0.3"}]
["Restaurante ou Lanchonete","-",null,"-"]
["Transformação artesanal","-",null,"-"]
["Turismo rural ou ecoturismo","-",null,"-"]
["Outras atividades econômicas rurais",1,null,{"v":0.334448160535117,"d":"0.3"}]
["Agroindústria",1,null,{"v":0.334448160535117,"d":"0.3"}]
["Proprietário sem instrução ou com instrução incompleta",8,null,{"v":2.6755852842809364,"d":"2.7"}]
["Proprietário com antigo primário completo",58,null,{"v":19.39799331103679,"d":"19.4"}]
["Proprietário com 1° grau (ou antigo ginasial) completo",32,null,{"v":10.702341137123744,"d":"10.7"}]
["Proprietário com 2° grau (ou antigo colegial) completo",84,null,{"v":28.093645484949832,"d":"28.1"}]
["Proprietário com curso superior completo ",98,null,{"v":32.77591973244147,"d":"32.8"}]
["Pessoa Jurídica",18,null,{"v":6.0200668896321075,"d":"6.0"}]
["Proprietário residente na própria UPA ",21,null,{"v":7.023411371237458,"d":"7.0"}]
["Fonte: Secretaria de Agricultura e Abastecimento, CDRS/IEA, Projeto LUPA."]
[]
["TABELA 146.5 - Área Cultivada, Município de Cravinhos, Estado de São Paulo, 2007/08."]
["CULTURA","N.DE UPAs","MÍNIMO","MÉDIO","MÁXIMO","TOTAL"]
["Cana-de-acucar",248,0.2,{"v":87.84,"d":"87.8"},{"v":1259,"d":"1,259.0"},{"v":21785.5,"d":"21,785.5"}]
["Braquiaria",102,0.1,18.1,{"v":260,"d":"260.0"},{"v":1845.9,"d":"1,845.9"}]
["Coloniao",30,0.7,{"v":12.08,"d":"12.1"},{"v":40,"d":"40.0"},362.5]
["Gramas",45,0.5,{"v":7.69,"d":"7.7"},{"v":70,"d":"70.0"},345.9]
["Milho",26,0.5,{"v":9.25,"d":"9.3"},{"v":64,"d":"64.0"},240.6]
["Capim-jaragua",9,{"v":2,"d":"2.0"},{"v":26.29,"d":"26.3"},{"v":174,"d":"174.0"},236.6]
["Cafe",11,0.2,{"v":18.64,"d":"18.6"},{"v":65,"d":"65.0"},{"v":205,"d":"205.0"}]
["Milho-silagem",4,{"v":10,"d":"10.0"},39.7,96.8,158.8]
["Soja",2,50.4,59.2,{"v":68,"d":"68.0"},118.4]
["Laranja",2,{"v":3,"d":"3.0"},46.5,{"v":90,"d":"90.0"},{"v":93,"d":"93.0"}]
["Setaria",1,60.4,60.4,60.4,60.4]
["Eucalipto",11,0.3,{"v":5.15,"d":"5.2"},{"v":20,"d":"20.0"},56.7]
["Chuchu",9,{"v":2,"d":"2.0"},{"v":4.32,"d":"4.3"},7.5,38.9]
["Tomate envarado",11,0.4,{"v":2.94,"d":"2.9"},8.5,32.3]
["Amendoim",1,31.5,31.5,31.5,31.5]
["Abobora (ou jerimum)",9,0.3,{"v":3.37,"d":"3.4"},{"v":12,"d":"12.0"},30.3]
["Manga",1,{"v":25,"d":"25.0"},{"v":25,"d":"25.0"},{"v":25,"d":"25.0"},{"v":25,"d":"25.0"}]
["Capim-napier (ou capim-elefante)",4,2.4,{"v":4.28,"d":"4.3"},7.6,17.1]
["Pimentao",7,0.2,1.2,{"v":3,"d":"3.0"},8.4]
["Jilo",13,0.2,{"v":0.62,"d":"0.6"},{"v":2,"d":"2.0"},8.1]
["Milho-doce",4,0.8,{"v":1.75,"d":"1.8"},{"v":3,"d":"3.0"},{"v":7,"d":"7.0"}]
["Tomate rasteiro",2,{"v":1,"d":"1.0"},3.3,5.6,6.6]
["Limao",1,{"v":6,"d":"6.0"},{"v":6,"d":"6.0"},{"v":6,"d":"6.0"},{"v":6,"d":"6.0"}]
["Berinjela",8,0.2,{"v":0.71,"d":"0.7"},{"v":3,"d":"3.0"},5.7]
["Viveiro de flores e ornamentais",3,{"v":1,"d":"1.0"},1.6,2.6,4.8]
["Outras gramineas para pastagem",2,1.8,2.2,2.6,4.4]
["Couve (ou couve-crespa)",2,0.5,{"v":2.15,"d":"2.2"},3.8,4.3]
["Outras olericolas",4,0.1,{"v":0.98,"d":"1.0"},2.6,3.9]
["Alface",4,0.1,{"v":0.95,"d":"1.0"},{"v":2,"d":"2.0"},3.8]
["Banana",3,0.1,1.2,{"v":2,"d":"2.0"},3.6]
["Couve-flor",3,0.3,{"v":0.87,"d":"0.9"},{"v":2,"d":"2.0"},2.6]
["Brocolos (ou brocolis)",3,0.3,{"v":0.67,"d":"0.7"},{"v":1,"d":"1.0"},{"v":2,"d":"2.0"}]
["Pepino",3,0.3,{"v":0.43,"d":"0.4"},0.5,1.3]
["Goiaba",1,{"v":1,"d":"1.0"},{"v":1,"d":"1.0"},{"v":1,"d":"1.0"},{"v":1,"d":"1.0"}]
["Maracuja",1,{"v":1,"d":"1.0"},{"v":1,"d":"1.0"},{"v":1,"d":"1.0"},{"v":1,"d":"1.0"}]
["Mandioca",2,0.5,0.5,0.5,{"v":1,"d":"1.0"}]
["Feijao-vagem (ou vagem, ou feijao-verde)",1,0.5,0.5,0.5,0.5]
["Figo (ou figo-da-europa)",1,0.3,0.3,0.3,0.3]
["Repolho",1,0.3,0.3,0.3,0.3]
["Cebolinha",1,0.1,0.1,0.1,0.1]
["Quiabo",1,0.1,0.1,0.1,0.1]
["Fonte: Secretaria de Agricultura e Abastecimento, CDRS/IEA, Projeto LUPA."]